000 00434nam a2200181Ia 4500
008 090123s9999 xx 000 0 und d
082 _b35597
100 _aENID BLYTON
245 _aTHE SECRET SEVEN MYSTERY
250 _a0
260 _bHODDER CHILDREN BOOKS
300 _a102
600 _aENID BLYTON
630 _aTHE SECRET SEVEN MYSTERY
700 _aENID BLYTON
730 _aTHE SECRET SEVEN MYSTERY
942 _cBOOK
999 _c73664
_d73664